000
00241nam a22001097a 4500
082
_a
940 ERG'E
100
_a
ERGANG, ROBERT
_9
57753
245
_a
EUROPE SINCE WATERLOO
260
_a
BOSTON
_b
D. C. HEATH
_c
1954
300
_a
836P
942
_c
BK
999
_c
568015
_d
568015